The Mayor and Burgesses of the London Borough of Brent v Shulem B Association Limited (Record no. 83325)

MARC details
000 -LEADER
fixed length control field 01077cab a22002055a 4500
001 - CONTROL NUMBER
control field E153585
008 - FIXED-LENGTH DATA ELEMENTS--GENERAL INFORMATION
fixed length control field 110808e20110629xxk 000 0 eng d
035 ## - SYSTEM CONTROL NUMBER
System control number (Sirsi) u153585
041 0# - LANGUAGE CODE
Language code of text/sound track or separate title eng
245 04 - TITLE STATEMENT
Title The Mayor and Burgesses of the London Borough of Brent v Shulem B Association Limited
Medium [electronic resource]
260 ## - PUBLICATION, DISTRIBUTION, ETC.
Date of publication, distribution, etc. 2011
520 ## - SUMMARY, ETC.
Summary, etc. [2011] EWHC 1663 (Ch), 29 June 2011. Relates to the degree of formality which is required in relation to a demand for a service charge under a lease and other issues relating to Landlord and Tenant Act 1985 S20B, which imposes a time limit within which a lessor can serve a valid demand for a service charge. "Held": the lessee's appeal was allowed.
590 ## - LOCAL NOTE (RLIN)
Local note KA
650 24 - SUBJECT ADDED ENTRY--TOPICAL TERM
Topical term or geographic name entry element BRENT LBC v SHULEM B ASSOCIATION LTD
650 24 - SUBJECT ADDED ENTRY--TOPICAL TERM
Topical term or geographic name entry element LANDLORD AND TENANT ACT 1985 S20B
651 #4 - SUBJECT ADDED ENTRY--GEOGRAPHIC NAME
Geographic name England and Wales
Chronological subdivision 1543-
690 ## - LOCAL SUBJECT ADDED ENTRY--TOPICAL TERM (OCLC, RLIN)
Topical term or geographic name as entry element PROPERTY-LEASEHOLD PROPERTY-LANDLORD AND TENANT-SERVICE CHARGES
856 40 - ELECTRONIC LOCATION AND ACCESS
Uniform Resource Identifier <a href="https://www.bailii.org/ew/cases/EWHC/Ch/2011/1663.html">https://www.bailii.org/ew/cases/EWHC/Ch/2011/1663.html</a>
Public note View the judgement free of charge at www.bailii.org
942 ## - ADDED ENTRY ELEMENTS (KOHA)
Suppress in OPAC 0
Holdings
Withdrawn status Lost status Source of classification or shelving scheme Damaged status Not for loan Home library Current library Shelving location Date acquired Total Checkouts Full call number Barcode Date last seen Copy number Price effective from Koha item type
    Dewey Decimal Classification     Virtual Virtual Online 08/08/2011   ONLINE PUBLICATION 153585-1001 06/08/2019 1 06/08/2019 Law report